Statistiques concernant Les plus grandes villes de Pologne

Cliquez ici pour prendre le quiz!

Statistiques générales

  • Ce quiz a été pris 548 fois
  • Le résultat moyen est 9 sur 20

Statistiques - réponses

PopulationVilles% Correct
1 715 517Varsovie
100%
758 992Cracovie
96%
460 427Gdańsk
81%
708 554Łódź
76%
631 188Wrocław
72%
551 627Poznań
65%
307 233Katowice
57%
347 678Lublin
56%
409 211Szczecin
43%
248 726Gdynia
38%
294 921Białystok
37%
362 286Bydgoszcz
31%
234 472Częstochowa
24%
204 847Toruń
24%
182 028Rzeszów
23%
201 815Kielce
21%
219 703Radom
19%
186 210Gliwice
13%
213 513Sosnowiec
11%
179 500Zabrze
10%

Distribution des résultats

Percentile par nombre de réponses

% des personnes avec chaque résultat

Votre développement - résultats

Vous n’avez pas pris ce quiz